| 000 | 00809cam a22003254a 4500 | ||
|---|---|---|---|
| 001 | |||
| 003 | OSt | ||
| 005 | 20220107122803.0 | ||
| 008 | 000619s2000 nyua 001 0 eng | ||
| 010 | _a | ||
| 020 | _a9780060957513 | ||
| 040 |
_a _cIIITMK |
||
| 042 | _a | ||
| 043 | _a | ||
| 050 | 0 | 0 |
_a _b |
| 082 | 0 | 0 |
_a959.5705 KUA/F _2 |
| 100 | 1 |
_aLee, Kuan Yew _d _97353 |
|
| 245 | 1 | 0 |
_aFrom Third World to first: _bSingapore and the Asian economic boom/ _cKuan Yew Lee. |
| 250 | _a | ||
| 260 |
_aNew York, _bHarperCollins Publishers, _c2000. |
||
| 300 |
_axix, 729 p. _b |
||
| 500 | _a | ||
| 650 |
_aECONOMIC HISTORY _97354 |
||
| 650 |
_aSOCIAL HISTORY _97355 |
||
| 650 |
_aPOLITICAL SCIENCE _97356 |
||
| 650 |
_aSINGAPORE _97357 |
||
| 856 | 4 | 2 | _3 |
| 942 |
_2ddc _cBK |
||
| 999 |
_c4787 _d4787 |
||